000 03451ntaaa2200493 4500
003 01
005 20251027203306.0
008 0714s1973 ag 01
020 _a9509935018
040 _aAR-BaBN
_bspa
_cAR-BaBN
_eaacr
_dRIC
082 _a370.78 Ac1p
110 _aAcademia Nacional de Educación
245 _aPensar y repensar la educación :
_bincorporaciones, presentaciones y patronos - 1984-1990 /
_cAcademia Nacional de Educación
260 _aBuenos Aires :
_bAcademia Nacional de Educación,
_c1991
300 _a624 p.
500 _aIncluye índice al final de la obra.
505 _tPresentación
505 _tRepensar la educación para que las cosas sean de otro modo - (22 de octubre de 1984) /
_rLamarque de Romero Brest, Gilda
505 _tLos recursos específicos en el financiamiento de la Educación Pública - (26 de noviembre de 1984) /
_rBravo, Héctor Félix
505 _tBases para una nueva Ley Universitaria - (1º de abril de 1985) /
_rAgulla, Juan Carlos
505 _tLos niveles de intersección de la conducta humana - (6 de mayo de 1985) /
_rOñativia, Oscar
505 _tDe la Universidad a cien años de la Ley Avellaneda - (3 de junio de 1985) /
_rStorni, Fernando
505 _tReforma educativa: Nación e ideal pedagógico - (1º de julio de 1985) /
_rMontenegro, Adelmo R.
505 _tConcepción católica de la escuela en los documentos pontificios - (5 de agosto de 1985) /
_rBlanco, Guillermo
505 _tLa calidad de la educación - (2 de setiembre de 1985) /
_rAgudo de Córsico, María Celia
505 _tPosibilidades y alcances de la política educacional como una disciplina autónoma - (7 de octubre de 1985) /
_rZanotti, Luis Jorge
505 _tEl problema de la libertad de enseñanza en el sistema educativo argentino - (4 de noviembre de 1985) /
_rVan Gelderen, Alfredo Manuel
505 _tLa profesión docente - (7 de abril de 1986) /
_rLeibovich de Gueventter, Elida
505 _tEl derecho de la educación - (5 de mayo de 1986) /
_rSilva, Luis Ricardo
505 _tLa educación argentina en el mundo - (2 de junio de 1986) /
_rEichelbaum de Babini, Ana María
505 _tLa universidad argentina: nuestro testimonio - (1º de julio de 1986) /
_rTaquini, Alberto C.
505 _tCondiciones y dimensiones del cambio educativo - (4 de agosto de 1986) /
_rSalonia, Antonio Francisco
505 _tEducación y poder - (1º de setiembre de 1986) /
_rMartínez Paz, Fernando
505 _tMitre y la educación - (4 de mayo de 1987) /
_rJusto López, Mario
505 _tJuan María Gutiérrez y la Universidad de Buenos Aires - (1º de junio de 1987) /
_rWeinberg, Gregorio
505 _tMisión contemporánea de la universidad. El caso argentino - (7 de setiembre de 1987) /
_rPorto, Avelino José
505 _tBernardino Rivadavia, su contribución a la cultura y a la educación - (7 de noviembre de 1988) /
_rCostantini, Alberto R. José
505 _tInvestigación de la cultura de la escuela - (5 de diciembre de 1988) /
_rGibaja, Regina Elena
505 _tLa matemática en la escuela media - (3 de abril de 1989) /
_rSantaló, Luis Antonio
505 _tEl rol de la escuela y la renovación de la educación - (8 de mayo de 1989) /
_rHansen, Jorge Cristian
505 _tCampos y fronteras entre la Psicología y la Ciencia de la Educación - (3 de julio de 1989) /
_rHoras, Plácido Alberto.
659 _aEDUCACION
942 _cBK
999 _c28430
_d28430